[Event "Hoogovens"]
[Site "Wijk aan Zee"]
[Date "1991.??.??"]
[Round "1"]
[White "Seirawan, Yasser"]
[Black "Sokolov, Ivan"]
[Result "1/2-1/2"]
[WhiteElo "2595"]
[BlackElo "2570"]

1.d4 Nf6 2.c4 g6 3.Nc3 d5 4.cxd5 Nxd5 5.e4 Nxc3 6.bxc3 Bg7 7.Be3 c5 8.Qd2 Qa5
9.Rb1 a6 10.Nf3 Nc6 11.Be2 O-O 12.Rb3 b5 13.Bh6 Bg4 14.Bxg7 Kxg7 15.d5 Rad8
16.Rb2 e6 17.O-O exd5 18.exd5 Ne7 19.c4 Qxd2 20.Rxd2 Bxf3 21.Bxf3 Nf5 22.cxb5 axb5
23.Rc1 Rc8 24.Bg4 c4 25.Bxf5 gxf5 26.d6 Rc5 27.d7 Rd8 28.Kf1 Kf6 29.a3 Ke6
30.Re1+ Re5 31.Red1 Rc5 32.Re1+ Re5  1/2-1/2

[Event "Hoogovens"]
[Site "Wijk aan Zee"]
[Date "1991.??.??"]
[Round "1"]
[White "Piket, Jeroen"]
[Black "Khalifman, Alexander"]
[Result "1/2-1/2"]
[WhiteElo "2550"]
[BlackElo "2640"]

1.d4 Nf6 2.c4 g6 3.Nc3 Bg7 4.e4 d6 5.Nf3 O-O 6.Be2 e5 7.O-O Na6 8.Re1 c6
9.Rb1 exd4 10.Nxd4 Re8 11.Bf3 h6 12.h3 Nh7 13.Nc2 Qh4 14.Qxd6 Be5 15.Qd1 Nc5
16.Be3 Rd8 17.Qe2 Nd3 18.Red1 Nxb2 19.Rxd8+ Qxd8 20.Rxb2 Bxc3 21.Rb3 Bg7
22.e5 Qe7 23.Bf4 Ng5 24.Nd4 Bxh3 25.Bxg5 Qxg5 26.Rxb7 Bxe5 27.Nxc6 Re8 28.Nxe5 Rxe5
29.Qd1 Be6 30.Rxa7 Bxc4 31.Qd4 Bd5 32.Bxd5 Re1+ 33.Kh2 Qh5+ 34.Kg3 Qg5+ 35.Kh2 Qh5+  1/2-1/2

[Event "Hoogovens"]
[Site "Wijk aan Zee"]
[Date "1991.??.??"]
[Round "1"]
[White "Chernin, Alexander"]
[Black "Hansen, Curt"]
[Result "1/2-1/2"]
[WhiteElo "2610"]
[BlackElo "2565"]

1.d4 Nf6 2.Nf3 e6 3.c4 d5 4.Nc3 Be7 5.Bg5 O-O 6.e3 Ne4 7.Bxe7 Qxe7 8.Rc1 Nxc3
9.Rxc3 c6 10.Qb1 Nd7 11.Bd3 h6 12.cxd5 exd5 13.b4 a5 14.b5 c5 15.dxc5 Nxc5
16.O-O Bg4 17.Nd4 Ne6 18.h3 Nxd4 19.hxg4 Ne6 20.Bh7+ Kh8 21.Bf5 Nc5 22.b6 g6
23.Rfc1 Na6 24.Bd3 Qe6 25.Qb2 Kg8 26.Be2 Nb4 27.Rc7 Rab8  1/2-1/2

[Event "Hoogovens"]
[Site "Wijk aan Zee"]
[Date "1991.??.??"]
[Round "2"]
[White "Chernin, Alexander"]
[Black "Seirawan, Yasser"]
[Result "1/2-1/2"]
[WhiteElo "2610"]
[BlackElo "2595"]

1.d4 d5 2.Nf3 c5 3.c4 dxc4 4.e4 cxd4 5.Qxd4 Qxd4 6.Nxd4 Bd7 7.Bxc4 Nc6 8.Be3 Nf6
9.f3 e6 10.Nb3 Rc8 11.Be2 Nb4 12.Na3 a6 13.Kf2 b5 14.Rhd1 Be7 15.g4 e5 16.Nc1 Be6
17.Nd3 Nd7 18.Nxb4 Bxb4 19.Rac1 Ke7 20.Nc2 Bd6 21.Ne1 Bxa2 22.Rxc8 Rxc8 23.Ra1 Bc4
24.Rxa6 Nc5 25.Ra7+ Ke8  1/2-1/2

[Event "Hoogovens"]
[Site "Wijk aan Zee"]
[Date "1991.??.??"]
[Round "2"]
[White "Hansen, Curt"]
[Black "Khalifman, Alexander"]
[Result "1-0"]
[WhiteElo "2565"]
[BlackElo "2640"]

1.c4 Nf6 2.Nc3 g6 3.g3 Bg7 4.Bg2 O-O 5.Nf3 d5 6.cxd5 Nxd5 7.O-O Nc6 8.d4 Nb6
9.e3 Re8 10.d5 Na5 11.Nd4 Bd7 12.e4 c6 13.b3 cxd5 14.exd5 e6 15.dxe6 Bxe6
16.Be3 Bd5 17.Rc1 Bxg2 18.Kxg2 Nd5 19.Nxd5 Qxd5+ 20.Nf3 Qb5 21.Rc5 Qa6 22.Rc7 Rad8
23.Qc2 Nc6 24.Rd1 Rxd1 25.Qxd1 Rd8 26.Qf1 b5 27.a4 Nd4 28.Bxd4 Bxd4 29.Nxd4 Rxd4
30.Qe2 Rd8 31.axb5 Qd6 32.Rxa7 Qd5+ 33.Qf3 Qxf3+ 34.Kxf3 Rd3+ 35.Ke4 Rxb3
36.Rb7 Rb2 37.b6 Kg7 38.Kd5 Rxf2 39.Rc7 Rxh2 40.Rc5 Rd2+ 41.Kc6 f5 42.b7 Rd8
43.Kc7 Rf8 44.b8=Q Rxb8 45.Kxb8 Kf6 46.Kc7  1-0

[Event "Hoogovens"]
[Site "Wijk aan Zee"]
[Date "1991.??.??"]
[Round "2"]
[White "Nunn, John DM"]
[Black "Fedorowicz, John P"]
[Result "1-0"]
[WhiteElo "2600"]
[BlackElo "2555"]

1.e4 c5 2.Nf3 d6 3.d4 cxd4 4.Nxd4 Nf6 5.Nc3 Nc6 6.Bg5 e6 7.Qd2 a6 8.O-O-O h6
9.Be3 Nxd4 10.Bxd4 b5 11.f4 Bb7 12.Qe3 Qc7 13.Bb6 Qc8 14.e5 Nd5 15.Nxd5 Bxd5
16.exd6 Qc6 17.Rxd5 Qxd5 18.Be2 Qxa2 19.Qf3 Bxd6 20.Qxa8+ Ke7 21.Qb7+ Kf8
22.Bc5 Qa1+ 23.Kd2 Qxh1 24.Qb8+  1-0

[Event "Hoogovens"]
[Site "Wijk aan Zee"]
[Date "1991.??.??"]
[Round "2"]
[White "Van der Wiel, John TH"]
[Black "Kozul, Zdenko"]
[Result "1/2-1/2"]
[WhiteElo "2530"]
[BlackElo "2580"]

1.e4 c5 2.Nf3 Nc6 3.d4 cxd4 4.Nxd4 Nf6 5.Nc3 d6 6.Bg5 e6 7.Qd2 a6 8.O-O-O Bd7
9.f4 b5 10.Bxf6 gxf6 11.f5 Nxd4 12.Qxd4 Bh6+ 13.Kb1 Bf4 14.Ne2 Be5 15.Qe3 exf5
16.exf5 Bxf5 17.Nd4 Be6 18.Nf3 f5 19.Bd3 Bg7 20.Rhf1 b4 21.Qg5 Bf6 22.Qf4 Qa5
23.Bc4 d5 24.Bb3 Rg8 25.Nd4 Bxd4 26.Qxd4 O-O-O 27.g3 Kb7 28.Rf4 Rg4 29.h3 Rxf4
30.Qxf4 Qc5 31.Rd4 a5 32.Qd2 Kb6 33.c3 bxc3 34.bxc3 Rb8 35.Kc2 Kc6 36.Qh6 Rc8
37.Rxd5 Qf2+ 38.Rd2 Qe1 39.Qf4 Kb7 40.Bxe6 Qxe6 41.Qf3+ Kb6 42.Qd5 Qxd5 43.Rxd5 Rg8
44.Rd3 h5 45.Kb3 Rh8 46.h4 Rg8 47.Rf3 f4 48.Rxf4 Rxg3 49.Rf6+ Kb5 50.Rf5+ Kb6
51.a4 Rg4 52.Rxh5 f5 53.Rh6+ Kb7 54.h5 Rh4 55.Rh7+ Kb6 56.Rh6+ Kb7 57.c4 f4
58.c5 f3 59.Rb6+ Kc7 60.Rf6 Rxh5 61.Kc4 Rh4+ 62.Kb5 Rb4+ 63.Kxa5 Rb3 64.Ka6 Rb4  1/2-1/2

[Event "Hoogovens"]
[Site "Wijk aan Zee"]
[Date "1991.??.??"]
[Round "3"]
[White "Khalifman, Alexander"]
[Black "Salov, Valery"]
[Result "1/2-1/2"]
[WhiteElo "2640"]
[BlackElo "2645"]

1.d4 d5 2.c4 c6 3.Nf3 Nf6 4.Nc3 dxc4 5.a4 Bf5 6.Ne5 e6 7.f3 c5 8.e4 cxd4
9.Bxc4 Qd6 10.Bb5+ Nbd7 11.Nc4 Qc5 12.b4 Qc7 13.Qxd4 Bg6 14.e5 Bxb4 15.exf6 O-O
16.Ba3 Bxa3 17.Rxa3 Rfd8 18.Qd6 Qc8 19.Ne5 Nc5 20.Qe7 a6 21.Be2 Nxa4 22.Nxa4 Qc1+
23.Kf2 Qxh1 24.Nb6 Qxh2 25.Nxa8 Qh4+ 26.Kf1 Qh1+ 27.Kf2 Qh4+ 28.Kg1 Rd1+
29.Bxd1  1/2-1/2

[Event "Hoogovens"]
[Site "Wijk aan Zee"]
[Date "1991.??.??"]
[Round "4"]
[White "Van der Wiel, John TH"]
[Black "Piket, Jeroen"]
[Result "1/2-1/2"]
[WhiteElo "2530"]
[BlackElo "2550"]

1.e4 e5 2.Nf3 Nc6 3.Bb5 Bc5 4.c3 f5 5.exf5 e4 6.d4 exf3 7.dxc5 Qe7+ 8.Be3 fxg2
9.Rg1 Nf6 10.Na3 d5 11.Bxc6+ bxc6 12.Qf3 O-O 13.O-O-O Ne4 14.Qxg2 Bxf5 15.Bd4 Bg6
16.Rde1 Qf7 17.Re3 Rae8 18.f3 Nf6 19.Rge1  1/2-1/2

[Event "Hoogovens"]
[Site "Wijk aan Zee"]
[Date "1991.??.??"]
[Round "4"]
[White "Lautier, Joel"]
[Black "Fedorowicz, John P"]
[Result "1-0"]
[WhiteElo "2550"]
[BlackElo "2555"]

1.c4 Nf6 2.Nc3 g6 3.e4 d6 4.d4 Bg7 5.Nf3 O-O 6.Be2 e5 7.O-O Nc6 8.d5 Ne7
9.Ne1 Nd7 10.Nd3 f5 11.Bd2 Nf6 12.f3 c5 13.g4 Kh8 14.Rb1 a5 15.b3 Bd7 16.Kh1 Nfg8
17.Rg1 h6 18.gxf5 gxf5 19.a3 Nf6 20.b4 axb4 21.axb4 b6 22.bxc5 bxc5 23.Qc1 Neg8
24.Rb7 Rb8 25.Ra7 Ra8 26.Rb7 Rb8 27.Ra7 fxe4 28.fxe4 Rf7 29.Qa1 Qf8 30.Ne1 Kh7
31.Nf3 Ne7 32.Nh4 Nc8 33.Ng6 Qd8 34.Ra2 Rb3 35.Qe1 Ne7 36.Nxe7 Qxe7 37.Qg3 Ng8
38.Bh5 Rf8 39.Ra7 Rb2 40.Bg4 Rd8 41.Rg2 Kh8 42.Be6 Nf6 43.Qh4 Qf8 44.Bxh6 Bxh6
45.Rxb2 Nxe4 46.Qxd8 Qxd8 47.Nxe4 Be8 48.Rg2 Bh5 49.Nf6  1-0

[Event "Hoogovens"]
[Site "Wijk aan Zee"]
[Date "1991.??.??"]
[Round "4"]
[White "Chernin, Alexander"]
[Black "Adams, Michael"]
[Result "1/2-1/2"]
[WhiteElo "2610"]
[BlackElo "2600"]

1.c4 Nf6 2.d4 e6 3.g3 d5 4.Bg2 dxc4 5.Qa4+ Bd7 6.Qxc4 Bc6 7.Nf3 Nbd7 8.O-O Bd6
9.Qc2 Be4 10.Qd1 c5 11.Nc3 Bc6 12.Be3 O-O 13.dxc5 Bxc5 14.Bxc5 Nxc5 15.Qxd8 Rfxd8
16.Rac1 Rac8 17.Rfd1 Kf8 18.Rxd8+ Rxd8 19.Ne5 Bxg2 20.Kxg2 Ncd7 21.Nd3  1/2-1/2

[Event "Hoogovens"]
[Site "Wijk aan Zee"]
[Date "1991.??.??"]
[Round "4"]
[White "Nunn, John DM"]
[Black "Khalifman, Alexander"]
[Result "1/2-1/2"]
[WhiteElo "2600"]
[BlackElo "2640"]

1.e4 c5 2.Nf3 d6 3.d4 cxd4 4.Nxd4 Nf6 5.Nc3 g6 6.Be3 Bg7 7.f3 O-O 8.Qd2 Nc6
9.Bc4 Bd7 10.h4 Rc8 11.Bb3 Ne5 12.O-O-O Nc4 13.Bxc4 Rxc4 14.h5 Nxh5 15.g4 Nf6
16.Nb3 Re8 17.Bh6 Bh8 18.Bg5 Qc8 19.Qh2 Be6 20.Rd3 h5 21.gxh5 Nxh5 22.Qg2 Bxc3
23.bxc3 Rxc3 24.Rxc3 Qxc3 25.Rxh5 Bxb3 26.axb3 Qa1+ 27.Kd2 Rc8 28.Rh2 Qd4+
29.Kc1 Qa1+ 30.Kd2 Qd4+ 31.Kc1  1/2-1/2

[Event "Hoogovens"]
[Site "Wijk aan Zee"]
[Date "1991.??.??"]
[Round "4"]
[White "Hansen, Curt"]
[Black "Salov, Valery"]
[Result "1/2-1/2"]
[WhiteElo "2565"]
[BlackElo "2645"]

1.c4 Nf6 2.Nf3 c6 3.Nc3 d5 4.cxd5 cxd5 5.d4 Nc6 6.Bf4 Bf5 7.e3 e6 8.Bb5 Nd7
9.Qa4 Qb6 10.O-O Be7 11.Qb3 a6 12.Bxc6 bxc6 13.Rfc1 Qxb3 14.axb3 f6 15.Na4 Rc8
16.Nc3 Ra8 17.Na4 Rc8 18.Nc3 g5 19.Bg3 Ra8 20.Na4 Rc8 21.Nc3 Ra8 22.Na4 Rc8
23.Nc3 Ra8  1/2-1/2

[Event "Hoogovens"]
[Site "Wijk aan Zee"]
[Date "1991.??.??"]
[Round "5"]
[White "Khalifman, Alexander"]
[Black "Van der Wiel, John TH"]
[Result "1/2-1/2"]
[WhiteElo "2640"]
[BlackElo "2530"]

1.d4 Nf6 2.c4 e6 3.Nc3 Bb4 4.f3 d5 5.a3 Bxc3+ 6.bxc3 c5 7.cxd5 Nxd5 8.dxc5 Qa5
9.e4 Ne7 10.Be3 O-O 11.Qb3 Qc7 12.a4 Nec6 13.f4 Na5 14.Qa3 Nd7 15.Nf3 b6
16.cxb6 axb6 17.Nd2 Ba6 18.Bxa6 Rxa6 19.O-O Rfa8 20.Qb4 Nb7 21.Ra2 Qc6 22.Rfa1 Ndc5
23.c4 h6 24.e5 Rxa4 25.Rxa4 Rxa4 26.Rxa4 Nxa4 27.Bd4 Qd7 28.Nf3 Nbc5 29.h3 Nd3
30.Qd2 Nac5 31.Bxc5 Nxc5 32.Qxd7 Nxd7 33.Kf2 Kf8 34.Ke3 Ke7 35.Nd4 h5 36.Nb5 f6
37.Kd4 fxe5+ 38.fxe5 Nc5 39.Nd6 Kd7 40.h4 Nb3+ 41.Ke3 Nc5 42.Nf7 Ke7 43.Ng5 Nb3
44.Ne4 Na5 45.Nd6 Kd7 46.Kf4 Kc6 47.Kg5 Kc5 48.Kxh5 Nxc4 49.Nxc4 Kxc4 50.Kg6 b5
51.h5 b4 52.Kxg7 b3 53.h6 b2 54.h7 b1=Q 55.h8=Q Qf5 56.Qh3 Qxe5+ 57.Kf7 Kd4
58.Qxe6 Qxe6+ 59.Kxe6 Ke4  1/2-1/2

[Event "Hoogovens"]
[Site "Wijk aan Zee"]
[Date "1991.??.??"]
[Round "5"]
[White "Kozul, Zdenko"]
[Black "Chernin, Alexander"]
[Result "0-1"]
[WhiteElo "2580"]
[BlackElo "2610"]

1.d4 d5 2.Nf3 c6 3.e3 Bg4 4.h3 Bh5 5.c4 e6 6.Nc3 Nd7 7.Bd2 Bg6 8.cxd5 exd5
9.Be2 Bd6 10.O-O h6 11.b4 Ngf6 12.Qb3 b5 13.a4 a6 14.Ra2 O-O 15.Rfa1 Rc8
16.axb5 axb5 17.Ra6 Bb8 18.Nd1 Ne4 19.Be1 Re8 20.Rc1 Nb6 21.Ne5 Bxe5 22.dxe5 Rxe5
23.f3 Nd6 24.Qc3 Re6 25.Qc5 Nd7 26.Qd4 Nf5 27.Qd2 Ne5 28.f4 Nc4 29.Bxc4 dxc4
30.g4 Qxd2 31.Bxd2 Nh4 32.f5 Nf3+ 33.Kf2 Nxd2 34.fxe6 Nb3 35.exf7+ Bxf7 36.Rc2 c5
37.Rb6 cxb4 38.Rxb5 Bg6 39.Rf5 Bxf5 40.gxf5 c3 41.Kf3 Na1 42.Rc1 Nb3 43.Rc2 Na1
44.Rc1 c2 45.Rxa1 c1=Q  0-1

[Event "Hoogovens"]
[Site "Wijk aan Zee"]
[Date "1991.??.??"]
[Round "5"]
[White "Fedorowicz, John P"]
[Black "Sokolov, Ivan"]
[Result "1/2-1/2"]
[WhiteElo "2555"]
[BlackElo "2570"]

1.Nf3 Nf6 2.c4 e6 3.d4 d5 4.Nc3 Be7 5.Bg5 O-O 6.e3 h6 7.Bh4 Nbd7 8.cxd5 exd5
9.Bd3 c6 10.Qc2 Re8 11.O-O Ne4 12.Bg3 Nxg3 13.hxg3 Bd6 14.Rab1 Nf6 15.b4 a6
16.a4 Bg4 17.b5 cxb5 18.axb5 a5 19.Bf5 Bxf5 20.Qxf5 Qc8 21.Qd3 a4 22.b6 Qc6
23.Rfc1 Rec8 24.Ne5 Bxe5 25.dxe5 Nd7 26.Qd4 a3 27.Na2 Qe6 28.Rc7 Nxe5 29.Rxb7 Qf5
30.Rf1 Rab8 31.Rxb8 Rxb8 32.Nb4 Qe6 33.Nxd5 Nd7 34.Ra1 Nxb6 35.Nxb6 Qxb6
36.Qxb6 Rxb6 37.Rxa3 Rb1+ 38.Kh2 Rf1 39.f3 h5 40.e4 Re1 41.Ra8+ Kh7 42.Rf8 f6
43.Re8 Kg6 44.Re7 Kh6 45.f4 Kg6  1/2-1/2

[Event "Hoogovens"]
[Site "Wijk aan Zee"]
[Date "1991.??.??"]
[Round "5"]
[White "Olafsson, Helgi"]
[Black "Hansen, Curt"]
[Result "0-1"]
[WhiteElo "2590"]
[BlackElo "2565"]

1.Nf3 Nf6 2.c4 e6 3.d4 b6 4.g3 Ba6 5.Qa4 Bb7 6.Bg2 c5 7.dxc5 bxc5 8.O-O Be7
9.Nc3 O-O 10.Rd1 Qb6 11.Bf4 d6 12.Rd2 h6 13.Ne1 Bxg2 14.Nxg2 Nc6 15.Qd1 Rad8
16.b3 e5 17.Be3 Nd4 18.Rc1 d5 19.Na4 Qe6 20.cxd5 Rxd5 21.Nc3 Rd7 22.Qe1 Rfd8
23.Na4 Qh3 24.f3 Nd5 25.Bxd4 cxd4 26.Rdd1 Bb4 27.Qf2 Ne3 28.Rd3 e4 29.Rxe3 dxe3
30.Nxe3 Bd2  0-1

[Event "Hoogovens"]
[Site "Wijk aan Zee"]
[Date "1991.??.??"]
[Round "5"]
[White "Salov, Valery"]
[Black "Nunn, John DM"]
[Result "1-0"]
[WhiteElo "2645"]
[BlackElo "2600"]

1.e4 e5 2.Nf3 Nc6 3.Nc3 Nf6 4.d4 exd4 5.Nxd4 Bb4 6.Nxc6 bxc6 7.Bd3 d5 8.exd5 cxd5
9.O-O O-O 10.Bg5 Be6 11.Ne2 h6 12.Bh4 Bd6 13.Nd4 c5 14.Nxe6 fxe6 15.Qe2 e5
16.Bg6 Rb8 17.c4 e4 18.Rad1 Qc7 19.Kh1 dxc4 20.Bxf6 Rxf6 21.Bxe4 Be5 22.Qxc4+ Kh8
23.b3 Rbf8 24.Qe2 Bd4 25.f3 Qe5 26.g3 Re8 27.Qd3 Rd6 28.Rd2 h5 29.Re2 h4
30.gxh4 Rh6 31.f4 Qf6 32.Qf3 Rxh4 33.Bd3 Rf8 34.Qg3 Qh6 35.Qg6 Rh3 36.Qxh6+ gxh6
37.Bc4 Be3 38.Kg2  1-0

[Event "Hoogovens"]
[Site "Wijk aan Zee"]
[Date "1991.??.??"]
[Round "6"]
[White "Van der Wiel, John TH"]
[Black "Salov, Valery"]
[Result "1/2-1/2"]
[WhiteElo "2530"]
[BlackElo "2645"]

1.e4 e5 2.Nf3 Nc6 3.Bb5 a6 4.Ba4 Nf6 5.O-O b5 6.Bb3 Bb7 7.d3 Be7 8.Nc3 d6
9.Nd5 Nxd5 10.Bxd5 Na5 11.Bxb7 Nxb7 12.d4 Bf6 13.d5 O-O 14.Be3 Qd7 15.Rc1 c5
16.c4 g6 17.Ne1 Bg7 18.Nd3 f5 19.f3 b4 20.a3 a5 21.exf5 gxf5 22.Qc2 bxa3
23.bxa3 a4 24.Bd2 Nd8 25.Kh1 Nf7 26.Rb1 Kh8 27.Rb6 Qe7 28.Rfb1 Rg8 29.Rb7 Qf6
30.Bc3 Qg6 31.Re7 Bf6 32.Re6 f4 33.Ne1 Qxc2 34.Nxc2 Bg7 35.Re7 Nh6 36.Rbb7 Nf5
37.Rf7 Rgf8 38.Rfd7 Rfb8 39.Bd2 Rxb7 40.Rxb7 h5 41.Kg1 Kh7 42.Kf1 Kg6 43.Ne1 Bf6
44.Nd3 Bd8 45.Nf2 Ba5 46.Bc1 h4 47.Ne4 Ra6 48.Kf2 Bd8 49.h3 Ba5 50.Ke2 Ng3+
51.Nxg3 hxg3 52.Kd3 Kf5 53.Rf7+ Kg6 54.Rb7 Kf5 55.Rf7+ Kg6  1/2-1/2

[Event "Hoogovens"]
[Site "Wijk aan Zee"]
[Date "1991.??.??"]
[Round "6"]
[White "Chernin, Alexander"]
[Black "Fedorowicz, John P"]
[Result "1/2-1/2"]
[WhiteElo "2610"]
[BlackElo "2555"]

1.d4 Nf6 2.Nf3 g6 3.c4 c5 4.Nc3 cxd4 5.Nxd4 Nc6 6.e4 d6 7.Be2 Nxd4 8.Qxd4 Bg7
9.Bg5 O-O 10.Qe3 Qb6 11.Qd2 Be6 12.Rc1 Rfc8 13.b3 Qa5 14.f3 a6 15.Nd5 Qxd2+
16.Kxd2 Nxd5 17.cxd5 Bd7 18.Rxc8+ Rxc8 19.Rc1 Rxc1 20.Kxc1  1/2-1/2

[Event "Hoogovens"]
[Site "Wijk aan Zee"]
[Date "1991.??.??"]
[Round "6"]
[White "Lautier, Joel"]
[Black "Khalifman, Alexander"]
[Result "1/2-1/2"]
[WhiteElo "2550"]
[BlackElo "2640"]

1.d4 Nf6 2.c4 c6 3.Nf3 d5 4.cxd5 cxd5 5.Nc3 Nc6 6.Bf4 Bf5 7.e3 e6 8.Qb3 Bb4
9.Bb5 O-O 10.O-O Qe7 11.Bxc6 bxc6 12.Na4 Nh5 13.a3 Nxf4 14.axb4 Nd3 15.Nc5 Nxc5
16.bxc5 Rfb8 17.Qc3 Qb7 18.Ra2 Bg4 19.Nd2 Be2 20.Re1 Bb5 21.e4 a5 22.exd5 exd5
23.Rxa5 Rxa5 24.Qxa5 Bd3 25.Qc3 Bf5 26.b3 h6 27.f3 Qb4 28.Qb2 Ra8 29.Re2 Bd3
30.Re3 Bg6 31.Kf2 Kh7 32.Qc3 Qb8 33.Nf1 Ra2+ 34.Re2 Ra3 35.Rb2 Ra1 36.b4 Rd1
37.b5 cxb5 38.c6 Qc7 39.g3 Ra1 40.Ne3 Ra6 41.Rxb5 Rxc6 42.Rc5 Rxc5 43.dxc5 Qa7
44.Qd4 Qa2+ 45.Kg1 Qe2 46.c6 Bd3 47.c7 Ba6 48.Qc3 d4 49.Qc2+ Qxc2 50.Nxc2 d3
51.Ne3 d2 52.Kf2 Kg6 53.Nd1 Kf6 54.Ke3 Ke6 55.Kxd2 Kd6 56.Ne3 Bc8 57.Kc3  1/2-1/2

[Event "Hoogovens"]
[Site "Wijk aan Zee"]
[Date "1991.??.??"]
[Round "6"]
[White "Hansen, Curt"]
[Black "Nunn, John DM"]
[Result "0-1"]
[WhiteElo "2565"]
[BlackElo "2600"]

1.c4 g6 2.Nc3 Bg7 3.d4 Nf6 4.e4 d6 5.Nf3 O-O 6.Be2 e5 7.O-O Nc6 8.d5 Ne7
9.b4 Nh5 10.g3 f5 11.Ng5 Nf6 12.f3 f4 13.c5 dxc5 14.Bc4 cxb4 15.d6+ Kh8 16.Nb5 h6
17.Nf7+ Rxf7 18.Bxf7 cxd6 19.Nxd6 Bh3 20.Bb3 Kh7 21.Rf2 Nc6 22.Bb2 Qe7 23.Rc1 Nd4
24.gxf4 Nh5 25.fxe5 Bxe5 26.Nf7 Nxb3 27.Nxe5 Nxc1 28.Qxc1 Rc8 29.Rc2 Rxc2
30.Qxc2 Qg5+ 31.Kh1 Qe3 32.Qc7+ Ng7 33.Qc1 Qe2 34.Qg1 g5 35.Bd4 Ne6 36.Qg3 Nf4  0-1

[Event "Hoogovens"]
[Site "Wijk aan Zee"]
[Date "1991.??.??"]
[Round "7"]
[White "Salov, Valery"]
[Black "Lautier, Joel"]
[Result "1-0"]
[WhiteElo "2645"]
[BlackElo "2550"]

1.d4 Nf6 2.Nf3 g6 3.g3 Bg7 4.Bg2 O-O 5.O-O d6 6.c4 Nbd7 7.Qc2 e5 8.Rd1 Re8
9.dxe5 dxe5 10.e4 c6 11.h3 Qc7 12.c5 b6 13.b4 bxc5 14.bxc5 Nh5 15.Be3 Nf8
16.Nbd2 Ba6 17.Nc4 Bxc4 18.Qxc4 Red8 19.h4 Ne6 20.Bh3 Rxd1+ 21.Rxd1 Rd8 22.Rd6 Rxd6
23.cxd6 Qxd6 24.Bxe6 Qxe6 25.Qxe6 fxe6 26.Bxa7 Nf6 27.a4 Nd7 28.a5 Bf8 29.a6 c5
30.Nd2 Kf7 31.Nc4  1-0

[Event "Hoogovens"]
[Site "Wijk aan Zee"]
[Date "1991.??.??"]
[Round "7"]
[White "Khalifman, Alexander"]
[Black "Sokolov, Ivan"]
[Result "1-0"]
[WhiteElo "2640"]
[BlackElo "2570"]

1.d4 Nf6 2.c4 g6 3.Nc3 d5 4.Nf3 Bg7 5.cxd5 Nxd5 6.e4 Nxc3 7.bxc3 c5 8.Rb1 O-O
9.Be2 Nc6 10.d5 Ne5 11.Nxe5 Bxe5 12.Qd2 b6 13.O-O e6 14.f4 Bg7 15.dxe6 Bxe6
16.f5 Qxd2 17.Bxd2 gxf5 18.exf5 Bxa2 19.Rb2 Bd5 20.f6 Bh8 21.Rf4 h5 22.Bxh5 Rfd8
23.Rg4+ Kh7 24.Bg5 Rac8 25.Rf2 Be6 26.Rh4 Kg8 27.Rf3 c4 28.Rg3 Rd3 29.Bf3 Bf5
30.Bf4+ Bg6 31.Be5 Re8 32.Rxg6+ fxg6 33.Rxh8+ Kf7 34.Rh7+ Ke6 35.Bd4 Kf5
36.Rxa7 Rc8 37.f7  1-0

[Event "Hoogovens"]
[Site "Wijk aan Zee"]
[Date "1991.??.??"]
[Round "7"]
[White "Kozul, Zdenko"]
[Black "Olafsson, Helgi"]
[Result "1-0"]
[WhiteElo "2580"]
[BlackElo "2590"]

1.d4 Nf6 2.c4 e6 3.Nf3 d5 4.g3 dxc4 5.Bg2 Bd7 6.Nbd2 Bb4 7.Qc2 b5 8.a4 O-O
9.O-O c6 10.Ne4 Nxe4 11.Qxe4 bxa4 12.Ng5 g6 13.Qh4 h5 14.g4 f6 15.gxh5 fxg5
16.Bxg5 Qe8 17.Be4 Rf5 18.Kh1 e5 19.Rg1 Rxg5 20.hxg6 Rxg1+ 21.Rxg1 Kg7 22.Qh7+ Kf6
23.g7 Na6 24.Rg6+ Ke7 25.dxe5  1-0

[Event "Hoogovens"]
[Site "Wijk aan Zee"]
[Date "1991.??.??"]
[Round "7"]
[White "Piket, Jeroen"]
[Black "Chernin, Alexander"]
[Result "1/2-1/2"]
[WhiteElo "2550"]
[BlackElo "2610"]

1.d4 Nf6 2.c4 e6 3.Nf3 b6 4.g3 Ba6 5.Qa4 Be7 6.Bg2 c6 7.Nc3 O-O 8.Ne5 Bb7
9.O-O d5 10.Rd1 Nfd7 11.cxd5 cxd5 12.e4 Nf6 13.exd5 Nxd5 14.Bf4 Nxc3 15.bxc3 Bxg2
16.Kxg2 Qe8 17.Qxe8  1/2-1/2

[Event "Hoogovens"]
[Site "Wijk aan Zee"]
[Date "1991.??.??"]
[Round "8"]
[White "Sokolov, Ivan"]
[Black "Salov, Valery"]
[Result "0-1"]
[WhiteElo "2570"]
[BlackElo "2645"]

1.d4 d5 2.c4 c6 3.Nc3 Nf6 4.e3 g6 5.Nf3 Bg7 6.cxd5 cxd5 7.Bb5+ Nc6 8.Ne5 Bd7
9.Qa4 Qc7 10.Nxd7 Qxd7 11.O-O O-O 12.Bxc6 bxc6 13.b3 Rfe8 14.Ba3 a5 15.Rac1 Qb7
16.Rc2 Bf8 17.Rfc1 Ra6 18.Ne2 Qb5 19.Kf1 Qxa4 20.bxa4 Rc8 21.Rb1 e6 22.Bxf8 Kxf8
23.Nc1 Rc7 24.Nd3 Nd7 25.Nc5 Nxc5 26.Rb8+ Ke7 27.Rxc5 Kd6 28.Ke2 Rd7 29.Kd3 e5
30.Rc1 e4+ 31.Kd2 Kc7 32.Rcb1 Ra7 33.Kc3 h5 34.h4 Rd6 35.Kd2 Rd8 36.Rxd8 Kxd8
37.Rb8+ Kc7 38.Rf8 Kd6 39.Rd8+ Ke6 40.Rc8 Ra6 41.Rc7 f6 42.Rb7 Kf5 43.Ke2 g5
44.hxg5 fxg5 45.Kf1 h4 46.Kg1 Kg4 47.Kf1 Ra8 48.Ke2 Rc8 49.Kd2 Kf5 50.Ke2 Rh8
51.Kf1 g4 52.Rf7+ Kg5 53.Rg7+ Kh5 54.Rc7 Rb8 55.Rxc6 Rb1+ 56.Ke2 Rb2+ 57.Kf1 Rxa2
58.Rd6 Rxa4 59.Rxd5+ Kg6 60.Rd6+ Kg5 61.Rd5+ Kf6 62.Rd6+ Kf7 63.Rh6 Ra1+
64.Ke2 Ra2+ 65.Ke1 g3 66.Rxh4 Rxf2 67.d5 a4 68.Rh7+ Kg6 69.Ra7 Rxg2 70.Rxa4 Kf5
71.d6 Rg1+ 72.Ke2 Rd1 73.Ra5+ Kg4 74.Kxd1 g2 75.Rd5 g1=Q+ 76.Kc2 Qa1 77.Kb3 Qa8
78.Kc4 Qa4+ 79.Kc5 Qd7 80.Re5 Kf3 81.Kd5 Qb5+ 82.Ke6 Qe8+ 83.Kd5 Qa8+ 84.Ke6 Qe8+
85.Kd5 Qa8+ 86.Ke6 Kxe3 87.d7 Kd4 88.Rg5 e3 89.Rg4+ Kc3 90.Ke7 Qb7 91.Ke8 Qc6
92.Ke7 e2 93.Rg3+ Kc2  0-1

[Event "Hoogovens"]
[Site "Wijk aan Zee"]
[Date "1991.??.??"]
[Round "8"]
[White "Seirawan, Yasser"]
[Black "Piket, Jeroen"]
[Result "0-1"]
[WhiteElo "2595"]
[BlackElo "2550"]

1.d4 Nf6 2.c4 d6 3.Nc3 g6 4.e4 Bg7 5.Be2 O-O 6.Bg5 Na6 7.Qd2 e5 8.d5 Qe8
9.Bd1 Nc5 10.Bc2 a5 11.Nge2 Nh5 12.Nb5 Qd7 13.O-O-O b6 14.f3 a4 15.g4 Nf4
16.Nxf4 exf4 17.Bxf4 Ba6 18.Qb4 Bxb5 19.Qxb5 Qe7 20.Bd2 a3 21.b4 Qe5 22.bxc5 Qa1+
23.Bb1 bxc5 24.Kc2 Rfb8 25.Kd3 Rxb5 26.cxb5 c4+ 27.Ke3 Qb2 28.Rc1 Bd4+ 29.Ke2 c3  0-1

[Event "Hoogovens"]
[Site "Wijk aan Zee"]
[Date "1991.??.??"]
[Round "8"]
[White "Hansen, Curt"]
[Black "Van der Wiel, John TH"]
[Result "1-0"]
[WhiteElo "2565"]
[BlackElo "2530"]

1.c4 e6 2.Nc3 Bb4 3.Nf3 Nf6 4.g3 O-O 5.Bg2 d6 6.O-O Nbd7 7.Qb3 Ba5 8.d4 c6
9.Bf4 Bc7 10.Rad1 Re8 11.e4 e5 12.Bc1 Qe7 13.Rfe1 exd4 14.Nxd4 Qe5 15.Bf4 Qh5
16.Nf5 Nc5 17.Qc2 Bxf5 18.exf5 Ng4 19.h3 Rxe1+ 20.Rxe1 Ne5 21.Bxe5 dxe5 22.b4 Nd7
23.b5 Rd8 24.bxc6 bxc6 25.Bxc6 Nf6 26.Bg2 Qg5 27.c5 a6 28.c6 e4 29.Nxe4 Qxf5
30.Nxf6+ Qxf6 31.Qe2 g6 32.Qxa6 h5 33.h4 Rd2 34.Rf1 Kg7 35.Qa7 Qe5 36.a4 Ra2
37.Rd1 Qe2 38.Rd7 Qe1+ 39.Kh2 Rxf2 40.Rxc7 Qe2 41.Qd4+  1-0

[Event "Hoogovens"]
[Site "Wijk aan Zee"]
[Date "1991.??.??"]
[Round "8"]
[White "Lautier, Joel"]
[Black "Nunn, John DM"]
[Result "1/2-1/2"]
[WhiteElo "2550"]
[BlackElo "2600"]

1.d4 Nf6 2.c4 g6 3.Nc3 Bg7 4.e4 d6 5.f3 O-O 6.Be3 Nbd7 7.Bd3 c5 8.Nge2 e6
9.O-O b6 10.Rc1 Bb7 11.Bb1 cxd4 12.Bxd4 Bh6 13.Rc2 Ne5 14.b3 Nc6 15.Bf2 Nb4
16.Rb2 Nh5 17.a3 Nc6 18.Be1 Qe7 19.Bd2 Bg7 20.Be3 Rad8 21.Rd2 Na5 22.Rd3 Rfe8
23.Kh1 Be5 24.Bf2 g5 25.Nb5 Ba8 26.Qd2 Kh8 27.Rd1 Rg8 28.Bc2 g4 29.f4 Nxf4
30.Nxf4 Bxe4 31.Bd4 Bxd3 32.Qxd3 f5 33.Bc3 Nc6 34.Qe3 Qf6 35.Nh5 Qh4 36.Nf4 Qf6
37.Nh5 Qh4 38.Nf4 Qf6  1/2-1/2

[Event "Hoogovens"]
[Site "Wijk aan Zee"]
[Date "1991.??.??"]
[Round "9"]
[White "Van der Wiel, John TH"]
[Black "Lautier, Joel"]
[Result "1/2-1/2"]
[WhiteElo "2530"]
[BlackElo "2550"]

1.e4 e6 2.d4 d5 3.Nc3 Nf6 4.Bg5 dxe4 5.Nxe4 Be7 6.Bxf6 gxf6 7.Bc4 b6 8.Nf3 Bb7
9.Qe2 c6 10.O-O-O Qc7 11.Kb1 Nd7 12.Rhe1 O-O-O 13.Ba6 Rhe8 14.Bxb7+ Kxb7
15.a3 Nf8 16.g3 f5 17.Neg5 Bf6 18.h4 Re7 19.Ne5 Bg7 20.Ngf3 Ng6 21.Nc4 b5
22.h5 bxc4 23.hxg6 hxg6 24.Qxc4 Red7 25.Rd3 Ka8 26.Ne5 Bxe5 27.Rxe5 Rd5 28.Rxd5 Rxd5
29.Rc3 Qd7 30.Qxc6+ Qxc6 31.Rxc6 Rxd4 32.Rc7 Rd1+ 33.Ka2 g5 34.Rxf7  1/2-1/2

[Event "Hoogovens"]
[Site "Wijk aan Zee"]
[Date "1991.??.??"]
[Round "9"]
[White "Kozul, Zdenko"]
[Black "Hansen, Curt"]
[Result "1/2-1/2"]
[WhiteElo "2580"]
[BlackElo "2565"]

1.d4 Nf6 2.c4 e6 3.Nf3 d5 4.g3 Be7 5.Bg2 O-O 6.O-O c6 7.Qc2 b6 8.Nbd2 Bb7
9.e4 Na6 10.a3 c5 11.e5 Nd7 12.dxc5 bxc5 13.Re1 Qc7 14.h4 Rad8 15.Nf1 Nab8
16.cxd5 Bxd5 17.Bg5 Rfe8 18.Bxe7 Rxe7 19.Ng5 Nf8 20.f4 Bxg2 21.Qxg2 Nc6 22.Rac1 Nd4
23.Ne4 Qb6 24.Ne3 Rc7 25.Nc4 Qc6 26.Ncd6 f5 27.Nd2 Nd7 28.Qxc6 Rxc6 29.Kf2 Rb8
30.N6c4 Nb6 31.Re3 Nxc4 32.Nxc4 a5 33.Nxa5 Rxb2+ 34.Kf1 Rc8 35.Nc4 Rh2 36.Kg1 Re2
37.Kf1 Rh2 38.Kg1 Ra2 39.Rb1 h6 40.Kf1 Rc7 41.Rc3 Kh7 42.Rb2 Ra1+ 43.Kg2 g5
44.Nd6 gxf4 45.Ne8 f3+ 46.Rxf3 Nxf3 47.Nxc7 Nxe5 48.Nxe6 c4 49.Nd4 c3 50.Rc2 Rxa3
51.Ne2 Nd3 52.Rxc3 Rxc3 53.Nxc3 f4 54.g4 Ne5 55.Kh3 Kg6 56.Nd5 f3 57.Kg3 f2
58.Ne3 Nd3 59.Kf3 Kf6 60.Ke2 Nf4+ 61.Kxf2 Ne6 62.Kf3 Kg6 63.h5+ Kf6 64.Nd5+ Ke5
65.Nb6 Kf6 66.Kg3 Ng5 67.Nd5+ Ke6 68.Ne3 Ke5 69.Nf5 Nf7 70.Kf3 Ng5+ 71.Ke3 Nf7
72.Nd4 Ng5 73.Nc6+ Kf6 74.Kf2 Ne4+ 75.Kf3 Kg5 76.Ne5 Nd2+ 77.Kg3 Ne4+  1/2-1/2